| 000 -LEADER |
| fixed length control field |
00717nam a2200229Ia 4500 |
| 001 - CONTROL NUMBER |
| control field |
2937 |
| 003 - CONTROL NUMBER IDENTIFIER |
| control field |
GE_BSU |
| 008 - FIXED-LENGTH DATA ELEMENTS--GENERAL INFORMATION |
| fixed length control field |
181216s||||||||xx |||||||||||||| ||und|| |
| 020 ## - INTERNATIONAL STANDARD BOOK NUMBER |
| International Standard Book Number |
5279018341 |
| 040 ## - CATALOGING SOURCE |
| Transcribing agency |
GE_BSU |
| 080 ## - UNIVERSAL DECIMAL CLASSIFICATION NUMBER |
| Universal Decimal Classification number |
69.00+338.5 |
| 100 ## - MAIN ENTRY--PERSONAL NAME |
| Personal name |
Либерман, И. А. |
| 245 ## - TITLE STATEMENT |
| Title |
Цены и себестоимость строительной продукии. |
| 245 ## - TITLE STATEMENT |
| Statement of responsibility, etc. |
Вед. ред. Н.Ф. Карпычева. |
| 260 ## - PUBLICATION, DISTRIBUTION, ETC. |
| Place of publication, distribution, etc. |
Ьосква |
| 260 ## - PUBLICATION, DISTRIBUTION, ETC. |
| Name of publisher, distributor, etc. |
Финансы и Статистика |
| 260 ## - PUBLICATION, DISTRIBUTION, ETC. |
| Date of publication, distribution, etc. |
1997 |
| 300 ## - PHYSICAL DESCRIPTION |
| Extent |
240 ст. 35 см. |
| 653 ## - INDEX TERM--UNCONTROLLED |
| Uncontrolled term |
Цены и себестоимость строительной продукции. |
| 942 ## - ADDED ENTRY ELEMENTS (KOHA) |
| Koha item type |
წიგნი |